[Event "COL-ch U16"]
[Site "Medellin"]
[Date "2015.05.02"]
[Round "8"]
[White "Piamonte, Cristian Eduardo"]
[Black "Torres Cueto, Jesus Marcial"]
[Result "1-0"]
[WhiteElo "1650"]
[BlackElo "1999"]
[PlyCount "133"]
[EventDate "2015.04.28"]
[EventType "tourn"]
[EventRounds "9"]
[EventCountry "COL"]
[SourceTitle "EXT 2018"]
[Source "ChessBase"]
[SourceDate "2017.10.13"]
[SourceVersion "1"]
[SourceVersionDate "2017.10.13"]
[SourceQuality "1"]

1. e4 e6 2. c4 d5 3. exd5 exd5 4. cxd5 Nf6 5. Nc3 Bb4 6. Bc4 0-0 7. Nge2 c6 8. dxc6 Nxc6 9. 0-0 Ne5 10. Qb3 Bc5 11. d4 Bxd4 12. Rd1 Bxf2+ 13. Kxf2 Qc7 14. Rd4 Neg4+ 15. Ke1 Qxh2 16. Bxf7+ Kh8 17. Nd1 Bf5 18. Qh3 Qxh3 19. gxh3 Ne5 20. Bd5 Nxd5 21. Rxd5 Nf3+ 22. Kf2 Be4 23. Rd6 Nh4+ 24. Ke1 Ng2+ 25. Kd2 Rad8 26. Rd4 Bf3 27. Ndc3 Rxd4+ 28. Nxd4 Rd8 29. Ncb5 a6 30. Kc3 axb5 31. Nxf3 Rd1 32. b3 Rh1 33. Ng5 h6 34. Nf7+ Kg8 35. Nd6 Rxh3+ 36. Kb4 Ne3 37. Kxb5 Nc2 38. Rb1 g5 39. Bb2 g4 40. Rg1 h5 41. Ne4 Ne3 42. Re1 h4 43. Ng5 Rh2 44. Bd4 Rd2 45. Bxe3 Rxa2 46. Bd4 Kf8 47. Bf6 h3 48. Rd1 Ra8 49. Rh1 Ra6 50. Bd4 Rh6 51. Bc5+ Kg7 52. Ne4 Re6 53. Nf2 Rg6 54. Nxg4 Rxg4 55. Rxh3 Rg6 56. Rd3 Kf7 57. Rd7+ Ke8 58. Rxb7 Kd8 59. b4 Kc8 60. Rf7 Kb8 61. Rd7 Kc8 62. Rd6 Rg7 63. Bb6 Rg4 64. Ka6 Rg8 65. Rd8+ Rxd8 66. Bxd8 Kxd8 67. Ka7 1-0

[Event "COL-ch U16"]
[Site "Bogota"]
[Date "2014.06.01"]
[Round "5"]
[White "Castellanos Rodriguez, Camilo"]
[Black "Piamonte, Cristian Eduardo"]
[Result "1-0"]
[WhiteElo "1846"]
[BlackElo "1508"]
[PlyCount "70"]
[EventDate "2014.05.29"]
[EventType "swiss"]
[EventRounds "7"]
[EventCountry "COL"]
[SourceTitle "CBM 160 Extra"]
[Source "ChessBase"]
[SourceDate "2014.07.01"]
[SourceVersion "1"]
[SourceVersionDate "2014.07.01"]
[SourceQuality "1"]

1. e4 e5 2. Nf3 Nc6 3. d4 exd4 4. Bc4 Bc5 5. 0-0 d6 6. c3 dxc3 7. Nxc3 Be6 8. Nd5 Qd7 9. Qe2 0-0-0 10. Rd1 Bg4 11. h3 Bh5 12. Nf4 Nd4 13. Rxd4 Bxf3 14. Qxf3 Bxd4 15. Ne2 Be5 16. Bxf7 Nf6 17. Qb3 d5 18. f4 Qxf7 19. fxe5 Nxe4 20. Be3 Qh5 21. Qc2 Rhf8 22. Rc1 c6 23. Nd4 Qg6 24. Qa4 Ng3 25. Nxc6 Ne2+ 26. Kh1 Nxc1 27. Ne7+ Kc7 28. Nxg6 Rf1+ 29. Kh2 hxg6 30. e6 Kd6 31. Bxc1 Kxe6 32. Qg4+ Kf7 33. Bg5 Rd6 34. Qe2 Rff6 35. Bxf6 gxf6 1-0

[Event "COL-ch U16"]
[Site "Bogota"]
[Date "2014.06.01"]
[Round "6"]
[White "Mercado Pena, Jorge Esteban"]
[Black "Piamonte, Cristian Eduardo"]
[Result "1-0"]
[WhiteElo "1677"]
[BlackElo "1508"]
[PlyCount "73"]
[EventDate "2014.05.29"]
[EventType "swiss"]
[EventRounds "7"]
[EventCountry "COL"]
[SourceTitle "CBM 160 Extra"]
[Source "ChessBase"]
[SourceDate "2014.07.01"]
[SourceVersion "1"]
[SourceVersionDate "2014.07.01"]
[SourceQuality "1"]

1. e4 e5 2. Nf3 Nc6 3. d4 exd4 4. Nxd4 Bc5 5. Be3 Bb6 6. Nc3 d6 7. Bc4 Nf6 8. f3 0-0 9. Qd2 Ne5 10. Be2 Be6 11. 0-0-0 Nc4 12. Bxc4 Bxc4 13. g4 Nd7 14. Nf5 Bxe3 15. Qxe3 Ne5 16. f4 Nd7 17. Qd4 Qf6 18. Qxc4 Nb6 19. Qxc7 Rfc8 20. Qxd6 Qxd6 21. Nxd6 Rc7 22. Nd5 Nxd5 23. Rxd5 h6 24. Rhd1 Kh7 25. g5 h5 26. f5 a6 27. Nxf7 Re8 28. g6+ Kg8 29. Rd8 Kf8 30. e5 Rc6 31. e6 Rxd8 32. Nxd8 Rb6 33. Rd7 Rb5 34. Rf7+ Ke8 35. Nxb7 Re5 36. Nd6+ Kd8 37. Rd7# 1-0

[Event "Manizales zt U16 integr Centro"]
[Site "Manizales"]
[Date "2014.05.18"]
[Round "6.2"]
[White "Piamonte, Cristian Eduardo"]
[Black "Diaz Herrera, Leider Andres"]
[Result "1/2-1/2"]
[WhiteElo "1508"]
[BlackElo "1920"]
[PlyCount "101"]
[EventDate "2014.05.15"]
[EventType "swiss"]
[EventRounds "6"]
[EventCountry "COL"]
[SourceTitle "EXT 2024"]
[Source "ChessBase"]
[SourceDate "2023.10.10"]
[SourceVersion "1"]
[SourceVersionDate "2023.10.10"]
[SourceQuality "1"]

1. e4 c5 2. Nf3 e6 3. d4 cxd4 4. Nxd4 a6 5. c4 Nf6 6. Nc3 Bb4 7. Bd3 Qc7 8. Be3 Nc6 9. f3 Ne5 10. Qe2 Nxd3+ 11. Qxd3 b6 12. a3 Be7 13. 0-0 0-0 14. Rac1 Bd6 15. f4 Ng4 16. e5 Be7 17. Kh1 d6 18. exd6 Bxd6 19. Bg1 Bxf4 20. Rxf4 Qxf4 21. Rf1 Qb8 22. b4 Bb7 23. Na4 Qe5 24. Nxb6 Rad8 25. Rd1 Qh5 26. Qg3 Nf2+ 27. Qxf2 Qxd1 28. c5 Rxd4 29. Qxd4 Qxd4 30. Bxd4 Rd8 31. Bg1 Rd2 32. h3 Rxg2 33. c6 Bxc6 34. Bc5 Rg3+ 35. Kh2 Rxa3 36. Nc4 Ra2+ 37. Kg3 g6 38. Ne5 Bb5 39. Ng4 Bd7 40. Nf6+ Kg7 41. Nxd7 e5 42. Nxe5 Kf6 43. Nf3 h5 44. h4 Kf5 45. Nd4+ Ke5 46. Nc6+ Ke6 47. Nd8+ Kf6 48. Kf4 Ra4 49. Nc6 Ke6 50. Nd8+ Kf6 51. Nc6 1/2-1/2

[Event "COL-ch School U15"]
[Site "Bogota"]
[Date "2011.12.15"]
[Round "7.7"]
[White "Piamonte, Cristian Eduardo"]
[Black "Sosa Florez, Luis Felipe"]
[Result "0-1"]
[WhiteElo "1424"]
[BlackElo "1633"]
[PlyCount "24"]
[EventDate "2011.12.12"]
[EventType "swiss"]
[EventRounds "7"]
[EventCountry "COL"]
[SourceTitle "EXT 2024"]
[Source "ChessBase"]
[SourceDate "2023.10.10"]
[SourceVersion "1"]
[SourceVersionDate "2023.10.10"]
[SourceQuality "1"]

1. e4 c5 2. Nf3 d6 3. d4 cxd4 4. Nxd4 Nf6 5. Nc3 a6 6. Be3 e5 7. Nf3 Be7 8. Qd3 0-0 9. 0-0-0 h6 10. Nd5 Nxd5 11. Qxd5 Nc6 12. Bd3 Be6 0-1